ბათუმის შოთა რუსთაველის სახელმწიფო უნივერსიტეტის ბიბლიოთეკა

Weighted norm inequalities for integral transforms with product kernals / (ბიბ.ჩანაწერი № 57373)

000 -LEADER
fixed length control field 00757cam a2200205 a 4500
001 - CONTROL NUMBER
control field 15757756
005 - DATE AND TIME OF LATEST TRANSACTION
control field 20220928110929.0
008 - FIXED-LENGTH DATA ELEMENTS--GENERAL INFORMATION
fixed length control field 090601s2010 nyua b 001 0 eng
020 ## - INTERNATIONAL STANDARD BOOK NUMBER
International Standard Book Number 9781607415916
080 ## - UNIVERSAL DECIMAL CLASSIFICATION NUMBER
Universal Decimal Classification number 515.1 K - 65
100 1# - MAIN ENTRY--PERSONAL NAME
Personal name Kokilashvili, V. M.
Fuller form of name
9 (RLIN) 8354
245 10 - TITLE STATEMENT
Title Weighted norm inequalities for integral transforms with product kernals /
Statement of responsibility, etc. Vakhtang Kokilashvili, Alexander Meskhi and Lars-Erik Persson.
264 ## - PRODUCTION, PUBLICATION, DISTRIBUTION, MANUFACTURE, AND COPYRIGHT NOTICE
Place of production, publication, distribution, manufacture New York :
Name of producer, publisher, distributor, manufacturer Nova Science Publishers,
Date of production, publication, distribution, manufacture, or copyright notice 2010.
300 ## - PHYSICAL DESCRIPTION
Extent 342 p. :
Other physical details ill. ;
Dimensions 26 cm.
653 ## - INDEX TERM--UNCONTROLLED
keyword ინტეგრალური გარდაქმნები
653 ## - INDEX TERM--UNCONTROLLED
keyword ტოპოლოგია
700 1# - ADDED ENTRY--PERSONAL NAME
Personal name Meskhi, Alexander.
9 (RLIN) 8357
700 1# - ADDED ENTRY--PERSONAL NAME
Personal name Persson, Lars Erik,
Dates associated with a name
9 (RLIN) 8358
942 ## - ADDED ENTRY ELEMENTS (KOHA)
Source of classification or shelving scheme
Koha item type წიგნი
ეგზემპლარები
Withdrawn status Lost status Source of classification or shelving scheme Damaged status Not for loan Permanent Location Current Location Shelving location Date acquired Cost, normal purchase price Full call number Barcode Date last seen Copy number Price effective from Koha item type Public note
          ბათუმის შოთა რუსთაველის სახელმწიფო უნივერსიტეტის მთავარი ბიბლიოთეკა ბათუმის შოთა რუსთაველის სახელმწიფო უნივერსიტეტის მთავარი ბიბლიოთეკა წიგნსაცავი 2020-06-11 357.00 515.1 K - 65 60578 2020-06-11 60578 2020-06-11 წიგნი 357 ლ.